Rhetoric as a dramatic language in Ben Jonson.

Bibliographic Details
Main Author: Sackton, Alexander H. (Alexander Hart)
Format: Book
Language:English
Published: New York, Columbia Univ. Press, 1948.
Subjects:

MARC

Tag First Indicator Second Indicator Subfields
LEADER 00000cam a22000001 4500
001 in00000036634
005 20210909104234.0
008 760203s1948 nyu b 000 0 eng
010 |a  48007878  
016 7 |a 003218131  |2 Uk 
029 1 |a AU@  |b 000010745370 
029 1 |a AU@  |b 000023560419 
029 1 |a DEBBG  |b BV013443160 
029 1 |a GEBAY  |b 8218382 
029 1 |a NLNZL  |b 998277363502836 
029 1 |a NZ1  |b 6908169 
029 1 |a NZ1  |b 827736 
029 1 |a UKMGB  |b 003218131 
035 |a (OCoLC)ocm01964555 
035 |a (OCoLC)1964555 
035 |a (OCoLC)01964555 
035 |9 AAD4106AM 
040 |a DLC  |b eng  |c SUC  |d DLC  |d OCLCQ  |d OCLCG  |d GEBAY  |d UKMGB  |d OCLCQ  |d OCLCO  |d OCLCF  |d OCL  |d OCLCO  |d DEBBG  |d YT6  |d OCLCO  |d OCLCQ  |d OCLCO  |d OCLCA 
049 |a TXAM  |c 1 [157458]  |c 2 [420285] 
050 0 0 |a PR2644  |b .S3 
082 0 |a 822.34 
084 |a HI 2555  |2 rvk 
100 1 |a Sackton, Alexander H.  |q (Alexander Hart) 
245 1 0 |a Rhetoric as a dramatic language in Ben Jonson. 
260 |a New York,  |b Columbia Univ. Press,  |c 1948. 
300 |a viii, 182 pages  |c 23 cm 
336 |a text  |b txt  |2 rdacontent 
337 |a unmediated  |b n  |2 rdamedia 
338 |a volume  |b nc  |2 rdacarrier 
340 |m 8vo.  |2 rdabf 
504 |a Includes bibliographical references (pages 169-175). 
530 |a Also issued online. 
600 1 0 |a Jonson, Ben,  |d 1573?-1637  |x Technique. 
600 1 7 |a Jonson, Ben,  |d 1573?-1637.  |2 fast  |0 (OCoLC)fst00053328 
600 1 7 |a Jonson, Ben  |d 1572-1637  |2 gnd  |0 (DE-588)118558323 
600 0 7 |a Drama  |2 gnd  |0 (DE-588)135181143 
600 1 7 |a Jonson, Ben.  |2 swd 
650 0 |a English language  |y Early modern, 1500-1700  |x Rhetoric. 
650 7 |a English language  |x Early modern  |x Rhetoric.  |2 fast  |0 (OCoLC)fst01711237 
650 7 |a Technique.  |2 fast  |0 (OCoLC)fst01355129 
650 7 |a Sprache  |2 gnd  |0 (DE-588)4056449-6 
650 0 7 |a Drama.  |2 swd 
655 4 |a Drama  |x Technique. 
776 0 8 |i Online version:  |a Sackton, Alexander H. (Alexander Hart).  |t Rhetoric as a dramatic language in Ben Jonson.  |d New York, Columbia Univ. Press, 1948  |w (OCoLC)574722237 
994 |a C0  |b TXA 
999 f f |s 508e4660-381f-3378-bbc5-673b79c60707  |i 15c76a2d-ff30-3440-8ab5-45b0315440e6  |t 0 
952 f f |p ric  |a Texas A&M University  |b Rellis Campus  |c Joint Library Facility  |d Remote Storage  |t 0  |e PR2644 .S3  |h Library of Congress classification  |i unmediated -- volume  |m A14801297788 
952 f f |p normal  |a Texas A&M University  |b College Station  |c Sterling C. Evans Library  |d Evans: Library Stacks  |t 0  |e PR2644 .S3  |h Library of Congress classification  |i unmediated -- volume  |m A14801297770 
998 f f |a PR2644 .S3  |t 0  |l Remote Storage 
998 f f |a PR2644 .S3  |t 0  |l Evans: Library Stacks